000 00288nam a2200121Ia 4500
005 20251222143203.0
008 251222s9999||||xx |||||||||||||| ||spa||
082 _a759.064.5/L95
100 _aPietro Della, Lucia
245 0 _aGiovan Battista Moroni.
264 _bSilvana
942 _cLIB
999 _c13150
_d13150